Learn to draw 16- Week Course for Aspiring Artists (Record no. 242575)

MARC details
000 -LEADER
fixed length control field 00352pam a2200145 a 4500
020 ## - INTERNATIONAL STANDARD BOOK NUMBER
Terms of availability
041 ## - LANGUAGE CODE
Language code of original
082 ## - DEWEY DECIMAL CLASSIFICATION NUMBER
Classification number 741.2
Item number BAR
100 ## - MAIN ENTRY--PERSONAL NAME
Personal name Barrington Barber.
245 ## - TITLE STATEMENT
Title Learn to draw 16- Week Course for Aspiring Artists
Medium Textual Documents
250 ## - EDITION STATEMENT
Edition statement 2018.
260 ## - PUBLICATION, DISTRIBUTION, ETC.
Place of publication, distribution, etc. London:
Name of publisher, distributor, etc. Arcturus London.
300 ## - PHYSICAL DESCRIPTION
Extent 150:
Other physical details Hard.
930 ## - EQUIVALENCE OR CROSS-REFERENCE-UNIFORM TITLE HEADING [LOCAL, CANADA]
Uniform title 8785
Holdings
Withdrawn status Lost status Damaged status Not for loan Collection Home library Current library Date acquired Source of acquisition Cost, normal purchase price Total Checkouts Full call number Barcode Date due Date last seen Date last checked out Copy number Price effective from Koha item type
          College of Fine Arts, Pune College of Fine Arts, Pune 15/03/2019 Bhararti Sahakari Grahak Bhandar 1398.00 2 741.2 BAR FAP-9954 10/07/2026 03/07/2026 03/07/2026 1 07/03/2023 Book